| 000 | 00376nam a2200145Ia 4500 | ||
|---|---|---|---|
| 008 | 210210b1983 xxu||||| |||| 00| 0 eng d | ||
| 082 | _a303.4 KAME | ||
| 100 | _aKAMAT (A R). | ||
| 245 | _aEssays on social change in India. Ed 1. | ||
| 250 | _a | ||
| 260 |
_aBombay. _bSomaiya Publications Pvt Ltd., _c1983 |
||
| 300 | _aviii,121 | ||
| 690 | _aSocial Change | ||
| 906 | _a037015 | ||
| 999 |
_c87275 _d87275 |
||